[Event "Riga"]
[Site "Riga"]
[Date "1981.??.??"]
[Round "11"]
[White "Vitolinsh, Alvis"]
[Black "Ivkov, Borislav"]
[Result "1/2-1/2"]
[WhiteElo "2455"]
[BlackElo "2510"]
[PlyCount "107"]
[EventDate "1981.08.??"]
[Source "ChessBase"]

1. e4 e6 2. d4 d5 3. Nc3 Bb4 4. e5 c5 5. a3 Bxc3+ 6. bxc3 Ne7 7. a4 Nbc6 8. Nf3 Qa5 9. Qd2 Bd7 10. Bd3 cxd4 11. cxd4 Qxd2+ 12. Bxd2 Rc8 13. Rb1 Rc7 14. a5 a6 15. Bc3 Na7 16. Bb4 Bb5 17. Bd6 Rd7 18. Nd2 Bxd3 19. cxd3 Nf5 20. Bc5 Nb5 21. Nb3 h5 22. g3 f6 23. Kd2 Kf7 24. Rhe1 Rc7 25. h3 g5 26. Bb6 Re7 27. Rbc1 Ree8 28. Rh1 Kg6 29. Rh2 Ref8 30. Rg2 Rf7 31. f3 h4 32. g4 Ne7 33. exf6 Rxf6 34. Re1 Kf7 35. Rge2 Rhh6 36. Bd8 Rxf3 37. Bxe7 Kxe7 38. Re5 Rxh3 39. Rxg5 Rh2+ 40. Ke3 Rh3+ 41. Kf4 Rxd3 42. Rg7+ Kd6 43. Kg5 Rh8 44. Nc5 Nxd4 45. Nxb7+ Kc6 46. Rc1+ Kb5 47. Nd6+ Kxa5 48. Rb7 Ra3 49. Rcb1 h3 50. R7b4 Rb3 51. R1xb3 Nxb3 52. Rxb3 h2 53. Nb7+ Ka4 54. Nc5+ 1/2-1/2

[Event "7th Amplico AIG Life"]
[Site "Warsaw POL"]
[Date "2007.12.15"]
[Round "6"]
[White "Felgaer, R."]
[Black "Bobula, M."]
[Result "1-0"]
[WhiteElo "2539"]
[BlackElo "2423"]
[PlyCount "139"]
[EventDate "2007.12.15"]
[Source "www.chesslib.no"]
[SourceDate "2004.05.04"]

1. e4 e6 2. d4 d5 3. Nc3 Bb4 4. e5 c5 5. a3 Bxc3+ 6. bxc3 Ne7 7. a4 Nbc6 8. Nf3 Qa5 9. Qd2 Bd7 10. Ba3 cxd4 11. cxd4 Qxd2+ 12. Kxd2 Nf5 13. Bb2 Rc8 14. Bc3 f6 15. Bd3 fxe5 16. dxe5 O-O 17. a5 h6 18. Rhb1 Rc7 19. h3 Be8 20. Ra2 Bg6 21. Rab2 Rff7 22. Ke1 Rfd7 23. Bb4 Nxb4 24. Rxb4 a6 25. Rb6 Kf7 26. g4 Ne7 27. Nd4 Bxd3 28. cxd3 Nc8 29. Nxe6 Rc3 30. Nf4 Nxb6 31. e6+ Ke8 32. exd7+ Nxd7 33. Rxb7 Ra3 34. Ne6 g5 35. Nc7+ Kd8 36. Ne6+ Ke8 37. Nc7+ Kd8 38. Nxd5 Rxa5 39. Nb4 Ra1+ 40. Ke2 a5 41. Ra7 Rh1 42. Nc6+ Ke8 43. Rxa5 Rxh3 44. Ra8+ Kf7 45. Ra7 Ke6 46. Nd4+ Kd6 47. Nf5+ Kc6 48. d4 Nb6 49. Rh7 Kd5 50. Rb7 Nc4 51. Ne3+ Nxe3 52. fxe3 Rh4 53. Rb5+ Ke6 54. Kf3 Rh3+ 55. Ke4 Rg3 56. Rb6+ Kf7 57. Rxh6 Rxg4+ 58. Kf5 Rg3 59. e4 g4 60. Rf6+ Ke7 61. Rg6 Rd3 62. d5 Re3 63. Rxg4 Kd6 64. Rg6+ Ke7 65. Ke5 Re1 66. Rg7+ Kf8 67. Ra7 Re2 68. d6 Ke8 69. Kf5 Kf8 70. Ra8+ 1-0

[Event "Nice ol (Men)"]
[Site "Nice FRA"]
[Date "1974.??.??"]
[Round "9"]
[White "Williams, Arthur H"]
[Black "Schmid, Lothar M L"]
[Result "0-1"]
[WhiteElo "2405"]
[BlackElo "2550"]
[PlyCount "72"]
[EventDate "1974.06.06"]
[Source "www.chesslib.no"]
[SourceDate "2004.05.04"]

1. e4 e6 2. d4 d5 3. Nc3 Bb4 4. e5 c5 5. a3 Bxc3+ 6. bxc3 Ne7 7. a4 Nbc6 8. Nf3 Qa5 9. Qd2 Bd7 10. Bd3 c4 11. Be2 f6 12. exf6 gxf6 13. O-O O-O-O 14. Ba3 Nf5 15. Rfe1 h5 16. Bf1 h4 17. Re2 Rdg8 18. Qe1 Qc7 19. a5 Qf4 20. Nd2 e5 21. Bc1 exd4 22. Ne4 Qe5 23. f4 Qe7 24. Ba3 Qd8 25. Nc5 Qxa5 26. Qb1 Qc7 27. Qd1 Qxf4 28. Rf2 Qe5 29. cxd4 Qxd4 30. c3 Qxd1 31. Rxd1 Ne3 32. Rb1 h3 33. Nxd7 hxg2 34. Be2 Kxd7 35. Rxb7+ Ke6 36. Rc7 Rxh2 0-1

[Event "World University-ch 7th"]
[Site "Ulaanbaatar"]
[Date "2002.09.17"]
[Round "6"]
[White "Zhang Zhong"]
[Black "Hochstrasser, Michael"]
[Result "1-0"]
[WhiteElo "2637"]
[BlackElo "2318"]
[PlyCount "55"]
[EventDate "2002.09.11"]
[Source "ChessBase"]
[SourceDate "2002.11.06"]

1. e4 e6 2. d4 d5 3. Nc3 Bb4 4. e5 c5 5. a3 Bxc3+ 6. bxc3 Ne7 7. a4 Nbc6 8. Nf3 Qa5 9. Bd2 Bd7 10. Bb5 f6 11. exf6 gxf6 12. dxc5 a6 13. c4 Qc7 14. cxd5 Nxd5 15. Bc4 Nce7 16. O-O Qxc5 17. Qe2 Rc8 18. Bb3 O-O 19. c4 Nc7 20. Rfd1 Bc6 21. Nh4 Kh8 22. Be3 Qa5 23. Bc2 Rg8 24. c5 Qb4 25. Qh5 Nf5 26. Bxf5 exf5 27. Bd4 Rg4 28. Qxf5 1-0

[Event "San Salvador (zt)"]
[Site "?"]
[Date "1995.??.??"]
[Round "?"]
[White "Garcia, Gild"]
[Black "Juarez Flores, C."]
[Result "1-0"]
[WhiteElo "2540"]
[BlackElo "2415"]
[PlyCount "95"]
[EventDate "1995.??.??"]
[Source "ChessBase"]
[SourceDate "1995.10.01"]

1. e4 e6 2. d4 d5 3. Nc3 Bb4 4. e5 c5 5. a3 Bxc3+ 6. bxc3 Ne7 7. a4 Nbc6 8. Nf3 Qa5 9. Bd2 Bd7 10. Bb5 Qc7 11. O-O Na5 12. Bd3 Nc4 13. Bc1 Qa5 14. Bxc4 dxc4 15. Ba3 Qxc3 16. Bxc5 Bc6 17. Qc1 Nf5 18. a5 Be4 19. Ng5 Qxc2 20. Qf4 Bd5 21. Rfc1 Qe2 22. Re1 Qc2 23. Rac1 Qa4 24. g4 Nh6 25. Ne4 Bxe4 26. Qg5 Qd7 27. Rxe4 Rg8 28. Rxc4 Rc8 29. Rc1 b6 30. axb6 axb6 31. Bxb6 Rxc1+ 32. Qxc1 Qb7 33. Qc5 f5 34. exf6 gxf6 35. d5 Rxg4+ 36. Rxg4 Nxg4 37. dxe6 Ne5 38. f4 Nc6 39. Qh5+ Kf8 40. Bc5+ Kg7 41. Qg4+ Kh8 42. Qf5 Kg7 43. Qd3 Kg8 44. Kf2 Qb2+ 45. Kg3 Qc1 46. e7 Qe1+ 47. Bf2 Qe6 48. Qd8+ 1-0

[Event "Skopje"]
[Site "Skopje MKD"]
[Date "1991.??.??"]
[Round "3"]
[White "Ivanovic, Bozidar"]
[Black "Jacimovic, Dragoljub"]
[Result "1/2-1/2"]
[WhiteElo "2535"]
[BlackElo "2415"]
[PlyCount "39"]
[EventDate "1991.11.??"]
[Source "www.chesslib.no"]
[SourceDate "2004.05.04"]

1. e4 e6 2. d4 d5 3. Nc3 Bb4 4. e5 c5 5. a3 Bxc3+ 6. bxc3 Ne7 7. a4 Nbc6 8. Nf3 Qa5 9. Bd2 Bd7 10. Be2 f6 11. O-O c4 12. exf6 gxf6 13. Nh4 O-O-O 14. f4 Rhg8 15. Kh1 Ng6 16. Be1 Nxh4 17. Bxh4 Rdf8 18. Rf3 Ne7 19. Bf2 Rg7 20. Qe1 1/2-1/2

[Event "6th Dubai Open"]
[Site "Dubai"]
[Date "2004.04.26"]
[Round "8.9"]
[White "Mariano, Nelson"]
[Black "Kruppa, Yuri"]
[Result "0-1"]
[WhiteElo "2416"]
[BlackElo "2533"]
[PlyCount "45"]
[EventDate "2004.04.19"]
[Source "Roberto Alvarez"]
[SourceDate "2004.05.03"]

1. e4 e6 2. d4 d5 3. Nc3 Bb4 4. e5 c5 5. a3 Bxc3+ 6. bxc3 Ne7 7. a4 Qc7 8. Nf3 b6 9. Be2 h6 10. O-O Ba6 11. Bxa6 Nxa6 12. Qe2 Qb7 13. Qb5+ Nc6 14. dxc5 Nxc5 15. a5 O-O 16. c4 dxc4 17. Qxc4 Ne7 18. Be3 Rac8 19. axb6 axb6 20. Qb5 Nf5 21. Ra3 Rfd8 22. h3 Nxe3 23. fxe3 0-1

[Event "JUG-chT"]
[Site "Tivat"]
[Date "1995.??.??"]
[Round "1"]
[White "Damjanovic, Vladimir"]
[Black "Drasko, Milan"]
[Result "1/2-1/2"]
[WhiteElo "2435"]
[BlackElo "2505"]
[PlyCount "37"]
[EventDate "1995.??.??"]
[Source "ChessBase"]

1. e4 e6 2. d4 d5 3. Nc3 Bb4 4. e5 c5 5. a3 Bxc3+ 6. bxc3 Ne7 7. a4 Nbc6 8. Nf3 Qa5 9. Qd2 Bd7 10. Bd3 f6 11. O-O c4 12. Be2 O-O 13. Ba3 Rf7 14. exf6 gxf6 15. Nh4 Ng6 16. Nxg6 hxg6 17. f4 Rh7 18. Bg4 Kf7 19. g3 1/2-1/2

[Event "Crailsheim op"]
[Site "?"]
[Date "2000.??.??"]
[Round "4"]
[White "Schmittdiel Eckhard"]
[Black "Panzalovic Srdjan"]
[Result "1-0"]
[WhiteElo "2490"]
[BlackElo "2447"]
[PlyCount "129"]
[EventDate "2000.??.??"]
[Source "www.chesslib.no"]
[SourceDate "2004.05.04"]

1. e4 e6 2. d4 d5 3. Nc3 Bb4 4. e5 c5 5. a3 Bxc3+ 6. bxc3 Ne7 7. a4 Qc7 8. Nf3 b6 9. Bb5+ Bd7 10. O-O Bxb5 11. axb5 a5 12. bxa6 Rxa6 13. Rxa6 Nxa6 14. Qe2 Nb8 15. Qb5+ Qc6 16. Qxc6+ Nexc6 17. Be3 c4 18. Bc1 Na7 19. Bb2 h6 20. Ra1 Nb5 21. Nh4 Kd7 22. f4 g6 23. Kf2 Nc6 24. h3 Nc7 25. g4 h5 26. Kg3 b5 27. f5 gxf5 28. gxf5 Rg8+ 29. Kf2 b4 30. cxb4 Nxb4 31. Bc3 Nc6 32. Rb1 Ra8 33. Ke3 Ra3 34. Kd2 Na7 35. Ra1 Rxa1 36. Bxa1 Nc6 37. f6 Nb5 38. c3 Ke8 39. Ng2 Nb8 40. Nf4 h4 41. Ng2 Kf8 42. Nxh4 Kg8 43. Bb2 Nd7 44. Kc2 Nb6 45. Nf3 Kh7 46. h4 Kg6 47. Ng5 Na4 48. Nh3 Kh5 49. Nf4+ Kxh4 50. Nxe6 Nb6 51. Nd8 Nc7 52. Nxf7 Ne6 53. Bc1 Kg4 54. Ng5 Kf5 55. Nf7 Nc8 56. Nh8 Nb6 57. Bh6 Nd7 58. Bg7 Nb8 59. Kb2 Nd7 60. Ka3 Nb8 61. Bh6 Ke4 62. f7 Kd3 63. Ng6 Kxc3 64. Nf4 Nxd4 65. Nxd5+ 1-0

[Event "Decin 8th"]
[Site "?"]
[Date "1978.??.??"]
[Round "13"]
[White "Pritchett Craig William"]
[Black "Timoscenko Genadij"]
[Result "0-1"]
[WhiteElo "2405"]
[BlackElo "2530"]
[PlyCount "78"]
[EventDate "1978.??.??"]
[Source "www.chesslib.no"]
[SourceDate "2004.05.04"]

1. e4 e6 2. d4 d5 3. Nc3 Bb4 4. e5 c5 5. a3 Bxc3+ 6. bxc3 Ne7 7. a4 Nbc6 8. Nf3 Qa5 9. Qd2 Bd7 10. Bd3 f6 11. O-O fxe5 12. dxe5 O-O 13. Re1 Rxf3 14. gxf3 Rf8 15. f4 Be8 16. c4 Qd8 17. cxd5 Nxd5 18. Be4 Nd4 19. Qd3 Bg6 20. Bxg6 hxg6 21. c3 Nb3 22. Qxg6 Qd7 23. Ra2 Nxc3 24. Rb2 Nd4 25. Qg2 b6 26. Be3 Qxa4 27. Rd2 Qc4 28. Kh1 b5 29. Rg1 Rf7 30. h4 Nce2 31. Rgd1 Nxf4 32. Qa8+ Rf8 33. Qe4 Nfe2 34. Bxd4 Nxd4 35. Kg2 b4 36. Rxd4 cxd4 37. Rxd4 Qc5 38. f4 Rb8 39. Rd7 b3 0-1

[Event "Prilep"]
[Site "Prilep"]
[Date "1992.??.??"]
[Round "1"]
[White "Cabrilo, Goran"]
[Black "Jacimovic, Dragoljub"]
[Result "1/2-1/2"]
[WhiteElo "2520"]
[BlackElo "2415"]
[PlyCount "41"]
[EventDate "1992.??.??"]
[Source "www.chesslib.no"]
[SourceDate "2004.05.04"]

1. e4 e6 2. d4 d5 3. Nc3 Bb4 4. e5 c5 5. a3 Bxc3+ 6. bxc3 Ne7 7. a4 Qa5 8. Bd2 Nbc6 9. Nf3 Bd7 10. Bb5 Qc7 11. O-O f6 12. Re1 O-O 13. exf6 gxf6 14. dxc5 e5 15. c4 d4 16. Nh4 Ng6 17. Qh5 Nxh4 18. Qxh4 a6 19. Bxc6 Bxc6 20. Ra3 Rf7 21. a5 1/2-1/2

[Event "COL Ch"]
[Site "Colombia"]
[Date "1988.??.??"]
[Round "3"]
[White "Garcia, Gildardo"]
[Black "Zapata, Alonso"]
[Result "1/2-1/2"]
[WhiteElo "2430"]
[BlackElo "2500"]
[PlyCount "55"]
[EventDate "1988.??.??"]
[Source "www.chesslib.no"]
[SourceDate "2004.05.04"]

1. e4 e6 2. d4 d5 3. Nc3 Bb4 4. e5 c5 5. a3 Bxc3+ 6. bxc3 Ne7 7. a4 Nbc6 8. Nf3 Bd7 9. Bd3 Qa5 10. Qd2 O-O-O 11. Ba3 c4 12. Be2 f6 13. O-O Rdg8 14. Rfe1 h5 15. Bf1 h4 16. Rab1 Nf5 17. g4 hxg3 18. fxg3 fxe5 19. Nxe5 Nfxd4 20. Bg2 Nxe5 21. Rxe5 Nc6 22. Bxd5 exd5 23. Rxd5 Ne5 24. Qg2 Qxc3 25. Rd3 cxd3 26. Qxb7+ Kd8 27. Qb8+ Bc8 28. Qd6+ 1/2-1/2

[Event "JUG Ch sf"]
[Site "Kladovo"]
[Date "1994.??.??"]
[Round "?"]
[White "Knezevic, Bojan"]
[Black "Drasko, Milan"]
[Result "0-1"]
[WhiteElo "2385"]
[BlackElo "2545"]
[PlyCount "74"]
[EventDate "1994.??.??"]
[Source "www.chesslib.no"]
[SourceDate "2004.05.04"]

1. e4 e6 2. d4 d5 3. Nc3 Bb4 4. e5 c5 5. a3 Bxc3+ 6. bxc3 Ne7 7. a4 Qc7 8. Nf3 b6 9. Bb5+ Bd7 10. Bd3 Nbc6 11. O-O h6 12. Re1 Rc8 13. Bf4 Ng6 14. Bd2 O-O 15. h4 f5 16. Qc1 Be8 17. Rb1 Na5 18. Ba6 Rd8 19. dxc5 bxc5 20. h5 Nh8 21. Be3 Bxh5 22. Rb5 d4 23. cxd4 Bxf3 24. gxf3 cxd4 25. Bd2 Nc4 26. Bb4 Ng6 27. Rc5 Qb6 28. Bb5 a6 29. Rc6 Qb7 30. Rxe6 axb5 31. Rxg6 Kh7 32. Rg3 f4 33. Rh3 Rf5 34. e6 bxa4 35. Bd2 Ne5 36. Rxe5 Rxe5 37. Bxf4 Rxe6 0-1

[Event "AZE-ch"]
[Site "?"]
[Date "2000.??.??"]
[Round "?"]
[White "Gashimov Vugar"]
[Black "Guseinov Aidyn"]
[Result "1/2-1/2"]
[WhiteElo "2426"]
[BlackElo "2492"]
[PlyCount "37"]
[EventDate "2000.??.??"]
[Source "www.chesslib.no"]
[SourceDate "2004.05.04"]

1. e4 e6 2. d4 d5 3. Nc3 Bb4 4. e5 c5 5. a3 Bxc3+ 6. bxc3 Ne7 7. a4 Nbc6 8. Nf3 Qa5 9. Bd2 Bd7 10. Bb5 a6 11. Bxc6 Bxc6 12. O-O h6 13. Qe1 Qc7 14. dxc5 Qd7 15. Nd4 Bxa4 16. f4 Bc6 17. Qg3 Nf5 18. Qh3 g6 19. g4 1/2-1/2

[Event "Cannes"]
[Site "?"]
[Date "2000.08.04"]
[Round "7.4"]
[White "Colovic Aleksandar"]
[Black "Legky Nikolay A"]
[Result "1-0"]
[WhiteElo "2397"]
[BlackElo "2520"]
[PlyCount "83"]
[EventDate "2000.??.??"]
[Source "www.chesslib.no"]
[SourceDate "2004.05.04"]

1. e4 e6 2. d4 d5 3. Nc3 Bb4 4. e5 c5 5. a3 Bxc3+ 6. bxc3 Ne7 7. a4 Bd7 8. Nf3 Qa5 9. Bd2 h6 10. Be2 Bc6 11. O-O Nd7 12. Re1 c4 13. Nh4 Nb6 14. f4 g6 15. g4 Bd7 16. Bf3 Nxa4 17. Bg2 b5 18. f5 Qb6 19. fxg6 fxg6 20. Nf3 a5 21. Qe2 O-O-O 22. Reb1 Qa7 23. h4 Rdf8 24. Qe3 h5 25. Bh3 hxg4 26. Bxg4 Nf5 27. Qe1 Nh6 28. Nh2 Nf5 29. Nf3 b4 30. Kg2 bxc3 31. Bxc3 Nxc3 32. Qxc3 a4 33. Bxf5 Rxf5 34. Rb4 Bc6 35. Rab1 Kc7 36. Qa3 Rhf8 37. Ng5 Rxe5 38. Rb6 Re2+ 39. Kg3 Rd8 40. Qc5 Qa8 41. Rxc6+ Qxc6 42. Qa7+ 1-0

[Event "Austria"]
[Site "?"]
[Date "2005.01.28"]
[Round "5"]
[White "Steflitsch Erich"]
[Black "Bunzmann Dimitrij"]
[Result "1/2-1/2"]
[WhiteElo "2367"]
[BlackElo "2540"]
[PlyCount "108"]
[EventDate "2005.??.??"]
[Source "www.chesslib.no"]
[SourceDate "2004.05.04"]

1. e4 e6 2. d4 d5 3. Nc3 Bb4 4. e5 c5 5. a3 Bxc3+ 6. bxc3 Ne7 7. a4 Qa5 8. Bd2 Nbc6 9. Nf3 Bd7 10. Bb5 Qc7 11. O-O Na5 12. Bd3 h6 13. Re1 O-O 14. Qc1 c4 15. Bf1 Kh7 16. Bf4 Nac6 17. Qd2 Qa5 18. Reb1 Qa6 19. Be2 Ng6 20. Bg3 f5 21. h4 f4 22. h5 fxg3 23. hxg6+ Kxg6 24. fxg3 Kh7 25. Rf1 Ne7 26. g4 Ng6 27. g3 Be8 28. Kg2 Kg8 29. Rh1 Ne7 30. Nh4 Qa5 31. g5 h5 32. g4 Ng6 33. Nxg6 Bxg6 34. gxh5 Be4+ 35. Kg3 Bxh1 36. Rxh1 Rf5 37. Bg4 Raf8 38. Bxf5 Rxf5 39. h6 g6 40. h7+ Kh8 41. Rh6 Qxa4 42. Rxg6 Qa1 43. Qe3 Rf1 44. Kg2 Qc1 45. Qxc1 Rxc1 46. Rxe6 Kxh7 47. Kf3 Rxc2 48. Rh6+ Kg7 49. e6 Rxc3+ 50. Kf4 Rc1 51. Ke5 c3 52. Kxd5 Re1 53. Rh2 b5 54. Kc5 Rxe6 1/2-1/2

[Event "Novi Sad ol (Men)"]
[Site "Novi Sad YUG"]
[Date "1990.??.??"]
[Round "8"]
[White "Cabrilo, Goran"]
[Black "Ostenstad, Berge"]
[Result "1/2-1/2"]
[WhiteElo "2480"]
[BlackElo "2425"]
[PlyCount "65"]
[EventDate "1990.11.??"]
[Source "www.chesslib.no"]
[SourceDate "2004.05.04"]

1. e4 e6 2. d4 d5 3. Nc3 Bb4 4. e5 c5 5. a3 Bxc3+ 6. bxc3 Ne7 7. a4 Nbc6 8. Nf3 Qa5 9. Bd2 Bd7 10. Bb5 c4 11. O-O h6 12. Qe1 O-O-O 13. Bc1 g5 14. Ba3 Ng6 15. Qe3 Rdg8 16. Rfb1 g4 17. Nd2 Nh4 18. Bb4 Qd8 19. Bc5 Nf5 20. Qf4 h5 21. Nf1 a6 22. Ne3 Qg5 23. Qxg5 Rxg5 24. Bxc6 Bxc6 25. Nf1 h4 26. Nd2 Rhg8 27. Re1 Kc7 28. a5 Kd7 29. Re2 Bb5 30. g3 Rh5 31. Nf1 Rgh8 32. Rd1 Rg8 33. Ra1 1/2-1/2

[Event "Interzonal"]
[Site "Int."]
[Date "1979.??.??"]
[Round "?"]
[White "Spassky, Boris Vasily"]
[Black "Short, Nigel D"]
[Result "1/2-1/2"]
[WhiteElo "2640"]
[BlackElo "2260"]
[PlyCount "44"]
[EventDate "1979.??.??"]
[Source "www.chesslib.no"]
[SourceDate "2004.05.04"]

1. e4 e6 2. d4 d5 3. Nc3 Bb4 4. e5 c5 5. a3 Bxc3+ 6. bxc3 Ne7 7. a4 Nbc6 8. Nf3 Qa5 9. Qd2 f6 10. Bb5 Bd7 11. Ba3 cxd4 12. cxd4 Qxd2+ 13. Kxd2 Na5 14. Rhb1 Ng6 15. Bb4 Bxb5 16. Bxa5 Ba6 17. Bb4 Rc8 18. Ra3 Kd7 19. Re3 Rc4 20. c3 Rc6 21. g3 Bc4 22. a5 b6 1/2-1/2

[Event "Ostrava"]
[Site "Ostrava"]
[Date "1992.??.??"]
[Round "2"]
[White "Schmittdiel, Eckhard"]
[Black "Matlak, Marek"]
[Result "1-0"]
[WhiteElo "2480"]
[BlackElo "2420"]
[PlyCount "85"]
[EventDate "1992.09.??"]
[Source "ChessBase"]

1. e4 e6 2. d4 d5 3. Nc3 Bb4 4. e5 c5 5. a3 Bxc3+ 6. bxc3 Ne7 7. a4 Qa5 8. Qd2 Nbc6 9. Nf3 Bd7 10. Ba3 cxd4 11. cxd4 Qxd2+ 12. Kxd2 Nf5 13. c3 Na5 14. Ra2 Nc4+ 15. Bxc4 dxc4 16. a5 Bc6 17. Ke2 Ne7 18. Bxe7 Kxe7 19. Rb1 Rac8 20. Rb4 Rc7 21. Rab2 Rd8 22. Nd2 Bd5 23. f3 f6 24. exf6+ gxf6 25. Nf1 Rdd7 26. Ne3 Kd6 27. Kf2 Rg7 28. g4 Rgd7 29. Rb5 Ke7 30. h4 Kf7 31. R2b4 Ke7 32. Kg3 Kd6 33. Rb2 Rf7 34. Re2 Kc6 35. Rb4 Kd6 36. Reb2 Rfd7 37. f4 Ke7 38. f5 Kf7 39. fxe6+ Bxe6 40. Kf4 Kg6 41. Rb5 Kg7 42. d5 Bf7 43. d6 1-0

[Event "otb"]
[Site "otb"]
[Date "2007.03.30"]
[Round "11"]
[White "Zhumabaev Rinat"]
[Black "Ibraev Nurlan"]
[Result "1-0"]
[WhiteElo "2421"]
[BlackElo "2479"]
[PlyCount "61"]
[Source "www.chesslib.no"]
[SourceDate "2004.05.04"]

1. e4 e6 2. d4 d5 3. Nc3 Bb4 4. e5 c5 5. a3 Bxc3+ 6. bxc3 Ne7 7. a4 Nbc6 8. Nf3 Qc7 9. Ba3 cxd4 10. cxd4 Qa5+ 11. Qd2 Qxd2+ 12. Kxd2 Bd7 13. a5 f6 14. Bd3 Ng6 15. Bd6 Nd8 16. Rhe1 Bc6 17. g3 Kd7 18. h4 Nf7 19. Bc5 Nh6 20. h5 Ne7 21. Nh4 a6 22. exf6 gxf6 23. Rxe6 Kxe6 24. Re1+ Kd7 25. Rxe7+ Kc8 26. Nf5 Nxf5 27. Bxf5+ Kd8 28. h6 Rb8 29. Rg7 Ke8 30. Bb6 Kf8 31. g4 1-0

[Event "Penta Media GM"]
[Site "Kelamabakkam"]
[Date "2000.08.23"]
[Round "9"]
[White "Prasad, Devaki V"]
[Black "Reefat, Bin Sattar"]
[Result "0-1"]
[WhiteElo "2431"]
[BlackElo "2467"]
[PlyCount "102"]
[EventDate "2000.08.14"]
[Source "ChessBase"]
[SourceDate "2000.11.21"]

1. e4 e6 2. d4 d5 3. Nc3 Bb4 4. e5 c5 5. a3 Bxc3+ 6. bxc3 Ne7 7. a4 Nbc6 8. Nf3 Bd7 9. Bd3 Qc7 10. O-O c4 11. Be2 f6 12. Re1 f5 13. Ba3 g6 14. Qd2 h6 15. h4 Nd8 16. Bd6 Qa5 17. h5 g5 18. Nxg5 Nc8 19. Bb4 Qc7 20. Nh3 a5 21. Ba3 Bxa4 22. Nf4 Qh7 23. Bc5 Bc6 24. Ng6 Rg8 25. Qf4 b6 26. Bd6 Ra7 27. Kh2 Rf7 28. g3 Bd7 29. Bf3 Bc6 30. Bg2 Kd7 31. Reb1 Nb7 32. Ra2 b5 33. Bc5 Kc7 34. Qe3 Nxc5 35. dxc5 a4 36. Nf4 Re7 37. Ne2 Qf7 38. Qxh6 Qe8 39. Nf4 Rh8 40. Qg5 Reh7 41. Kg1 Rh6 42. Bf3 Ne7 43. Rab2 R8h7 44. Ne2 a3 45. Ra2 d4 46. Nxd4 Bxf3 47. Nxf3 Rxh5 48. Qd2 Nc8 49. Re1 Qc6 50. Nh4 Rxh4 51. gxh4 Rxh4 0-1

[Event "ch-NED Open"]
[Site "Dieren"]
[Date "2003.07.26"]
[Round "5"]
[White "De Vreugt, Dennis"]
[Black "L'Ami, Erwin"]
[Result "1/2-1/2"]
[WhiteElo "2459"]
[BlackElo "2439"]
[PlyCount "47"]
[EventDate "2003.07.22"]
[Source "Roberto Alvarez"]
[SourceDate "2003.07.28"]

1. e4 e6 2. d4 d5 3. Nc3 Bb4 4. e5 c5 5. a3 Bxc3+ 6. bxc3 Ne7 7. a4 Qc7 8. Nf3 h6 9. Bd3 b6 10. O-O Ba6 11. Re1 Bxd3 12. cxd3 Nd7 13. Ba3 O-O 14. Rc1 Rac8 15. Nh4 Rfe8 16. f4 Ng6 17. Nxg6 fxg6 18. c4 Qc6 19. dxc5 bxc5 20. Qb3 d4 21. Qb5 Qc7 22. Rb1 Rb8 23. Qa6 Rb6 24. Rxb6 1/2-1/2

[Event "Corfu Open"]
[Site "Corfu GRE"]
[Date "1991.??.??"]
[Round "8"]
[White "Ghinda, Mihail-Viorel"]
[Black "Akesson, Ralf"]
[Result "1-0"]
[WhiteElo "2450"]
[BlackElo "2440"]
[PlyCount "79"]
[EventDate "1991.08.??"]
[Source "www.chesslib.no"]
[SourceDate "2004.05.04"]

1. e4 e6 2. d4 d5 3. Nc3 Bb4 4. e5 c5 5. a3 Bxc3+ 6. bxc3 Ne7 7. a4 Nbc6 8. Nf3 Qa5 9. Bd2 Bd7 10. Bb5 c4 11. O-O h6 12. Qe1 Nd8 13. Qb1 f5 14. exf6 gxf6 15. Nh4 Ndc6 16. Qe1 O-O-O 17. Bf4 Rde8 18. Qe3 Rhg8 19. Bg3 e5 20. Rfb1 exd4 21. Qf4 dxc3 22. Bxc6 Nxc6 23. Rb5 Qd8 24. Rxd5 Ne5 25. Rad1 Re6 26. Qd4 Qe8 27. Qxa7 Ra6 28. Qc5+ Bc6 29. Nf5 Kb8 30. Rd6 Ka8 31. Rxf6 Nd7 32. Qd4 Nxf6 33. Qxf6 Bf3 34. Qxa6+ bxa6 35. gxf3 Qe2 36. Rd7 Qxc2 37. Ne7 Qxa4 38. Rc7 c2 39. Nxg8 c1=Q+ 40. Kg2 1-0

[Event "IND-ch"]
[Site "New Delhi"]
[Date "2001.06.06"]
[Round "9"]
[White "Barua, Dibyendu"]
[Black "Lahiri, A."]
[Result "1/2-1/2"]
[WhiteElo "2494"]
[BlackElo "2391"]
[PlyCount "94"]
[EventDate "2001.06.02"]
[Source "ChessBase"]
[SourceDate "2001.07.03"]

1. e4 e6 2. d4 d5 3. Nc3 Bb4 4. e5 c5 5. a3 Bxc3+ 6. bxc3 Ne7 7. a4 Qa5 8. Bd2 Nbc6 9. Nf3 Bd7 10. Bd3 c4 11. Be2 f6 12. O-O O-O 13. exf6 Rxf6 14. Bg5 Rf7 15. Qd2 Raf8 16. Nh4 Nc8 17. Bh6 g6 18. Bg4 Nd6 19. f3 e5 20. Bxd7 Rxd7 21. dxe5 Nxe5 22. Rfe1 Ndf7 23. Be3 Qd8 24. Bf2 Qf6 25. Qd4 g5 26. Bg3 Re8 27. f4 gxf4 28. Bxf4 Qxh4 29. Bxe5 Qxd4+ 30. Bxd4 Rxe1+ 31. Rxe1 Nd6 32. Re5 Ne4 33. a5 b6 34. a6 Nc5 35. Bxc5 bxc5 36. Re8+ Kf7 37. Rb8 Ke6 38. Rb7 d4 39. Rxd7 Kxd7 40. Kf2 Ke6 41. Kf3 Kd5 42. Kf4 d3 43. cxd3 cxd3 44. Ke3 c4 45. g3 h5 46. h3 Kc5 47. Kd2 Kb6 1/2-1/2

[Event "Paris Ch"]
[Site "Paris FRA"]
[Date "1989.??.??"]
[Round "6"]
[White "Abramovic, Bosko"]
[Black "Apicella, Manuel"]
[Result "0-1"]
[WhiteElo "2485"]
[BlackElo "2400"]
[PlyCount "68"]
[EventDate "1989.05.??"]
[Source "www.chesslib.no"]
[SourceDate "2004.05.04"]

1. e4 e6 2. d4 d5 3. Nc3 Bb4 4. e5 c5 5. a3 Bxc3+ 6. bxc3 Ne7 7. a4 Nbc6 8. Nf3 Qa5 9. Bd2 Bd7 10. Be2 f6 11. O-O c4 12. Re1 O-O-O 13. Bf1 Kb8 14. h4 Rdg8 15. Qb1 f5 16. Bc1 h6 17. Ba3 g5 18. Qb2 Qd8 19. Reb1 Na5 20. Qb4 Rh7 21. h5 Nc8 22. Qb2 Be8 23. g4 fxg4 24. Nh2 Bxh5 25. Qc1 Ne7 26. Qd1 Ng6 27. Be2 Nf4 28. Bxg4 Bg6 29. Bc1 h5 30. Bf3 Nh3+ 31. Kf1 g4 32. Bg2 Qh4 33. Be3 Rf7 34. Qe1 Bxc2 0-1

[Event "Bartis Memorial A 9198"]
[Site "Bartis Memorial A 9198"]
[Date "1993.??.??"]
[Round "?"]
[White "Eichhorn, Ernst"]
[Black "Namark, Lennart"]
[Result "0-1"]
[WhiteElo "2420"]
[BlackElo "2460"]
[PlyCount "40"]
[EventDate "1993.??.??"]
[Source "www.chesslib.no"]
[SourceDate "2004.05.04"]

1. e4 e6 2. d4 d5 3. Nc3 Bb4 4. e5 c5 5. a3 Bxc3+ 6. bxc3 Ne7 7. a4 Nbc6 8. Nf3 Qa5 9. Qd2 Bd7 10. Be2 f6 11. Ba3 fxe5 12. Bxc5 e4 13. Ng5 h6 14. Nh3 e5 15. Bb5 a6 16. Bxe7 axb5 17. Bb4 Qc7 18. a5 Nxb4 19. cxb4 Bxh3 20. gxh3 O-O 0-1

[Event "Gausdal Int"]
[Site "Gausdal NOR"]
[Date "1990.??.??"]
[Round "2"]
[White "Reeh, Oliver"]
[Black "Djurhuus, Rune"]
[Result "1-0"]
[WhiteElo "2465"]
[BlackElo "2405"]
[PlyCount "57"]
[EventDate "1990.08.??"]
[Source "www.chesslib.no"]
[SourceDate "2004.05.04"]

1. e4 e6 2. d4 d5 3. Nc3 Bb4 4. e5 c5 5. a3 Bxc3+ 6. bxc3 Ne7 7. a4 Nbc6 8. Nf3 Qa5 9. Qd2 Bd7 10. Bd3 Rc8 11. dxc5 Qc7 12. Qe2 Ng6 13. Bxg6 fxg6 14. O-O O-O 15. Re1 Rf5 16. Be3 Rcf8 17. Nd4 Rxe5 18. Nb5 Qd8 19. Qd2 Qh4 20. f4 Rh5 21. g3 Qh3 22. Bd4 Kh8 23. Nd6 Na5 24. Re5 Bc6 25. Qe2 Bd7 26. Rb1 Rh6 27. Qg2 Qxg2+ 28. Kxg2 Nc4 29. Rxb7 1-0

[Event "EU-chT (Men)"]
[Site "Haifa"]
[Date "1989.??.??"]
[Round "7"]
[White "Wittmann, Walter"]
[Black "Schmidt, Wlodzimierz"]
[Result "1/2-1/2"]
[WhiteElo "2400"]
[BlackElo "2465"]
[PlyCount "37"]
[EventDate "1989.11.??"]
[Source "ChessBase"]

1. e4 e6 2. d4 d5 3. Nc3 Bb4 4. e5 c5 5. a3 Bxc3+ 6. bxc3 Ne7 7. a4 Nbc6 8. Nf3 Qa5 9. Qd2 Bd7 10. Be2 f6 11. exf6 gxf6 12. Ba3 cxd4 13. cxd4 Qxd2+ 14. Kxd2 Na5 15. Rhb1 Bc6 16. Bb4 Nc4+ 17. Bxc4 dxc4 18. Bxe7 Kxe7 19. Ke3 1/2-1/2